| 000 | 01164cam a2200265 a 4500 | ||
|---|---|---|---|
| 999 |
_c234108 _d234108 |
||
| 001 | 14217765 | ||
| 003 | Nust | ||
| 005 | 20170313170643.0 | ||
| 008 | 060103s2005 nyu 000 1 eng | ||
| 010 | _a 2006041688 | ||
| 020 | _a9780007185207 | ||
| 040 |
_aDLC _cDLC _dDLC |
||
| 050 | 0 | 0 |
_aPR6114.E947 _bA53 2005 |
| 082 | 0 | 0 |
_a823.92 _bNEW |
| 100 | 1 | _aNewland, Bénédicte. | |
| 245 | 1 | 0 |
_aAnd God created the au pair / _cBénédicte Newland and Pascale Smets. |
| 260 |
_aNew York : _bPlume, _c2005. |
||
| 300 |
_a376 p. ; _c20 cm. |
||
| 650 | 0 |
_aSisters _vFiction. |
|
| 655 | 0 | _aDomestic fiction. | |
| 700 | 1 | _aSmets, Pascale. | |
| 856 | 4 | 2 |
_3Contributor biographical information _uhttp://www.loc.gov/catdir/enhancements/fy0719/2006041688-b.html |
| 856 | 4 | 2 |
_3Publisher description _uhttp://www.loc.gov/catdir/enhancements/fy0719/2006041688-d.html |
| 906 |
_a7 _bcbc _corignew _d1 _eocip _f20 _gy-gencatlg |
||
| 942 |
_2ddc _cBK |
||